00608 a2200193 4500003000500000005001700005008004100022020001500063020001800078082001000096100003500106245009200141250001200233260004000245300002100285490002900306520005000335830002900385NUST20180118120035.0180118b xxu||||| |||| 00| 0 eng d a0070486581 a9780070486584 a519.21 aPapoulis, S Pillai Athanasios.10aProbability, random variables and stochastic processes /cS Pillai Athanasios Papoulis. a4th ed. aNew DelhibTata Mcgraw Hill,c2002. a852 p. ;c24 cm.1 aTata McGraw-Hill Edition aProbability, Random Variables and Stochastic. 0aTata McGraw-Hill Edition